| Tag |
First Indicator |
Second Indicator |
Subfields |
| LEADER |
00000cam a2200000 a 4500 |
| 001 |
in00000024728 |
| 005 |
20150717112405.0 |
| 008 |
840404s1985 nyua j 000 1 eng |
| 010 |
|
|
|a 84007979
|
| 035 |
|
|
|a (OCoLC)ocm10725630
|
| 040 |
|
|
|a DLC
|b eng
|c DLC
|d BAKER
|d BTCTA
|d YDXCP
|d OCLCQ
|d BDX
|d OCLCO
|d OCLCF
|d OCLCQ
|d OCLCO
|d OCLCQ
|
| 019 |
|
|
|a 438363354
|
| 020 |
|
|
|a 0688040586
|q (lib. bdg.)
|
| 020 |
|
|
|a 9780688040581
|q (lib. bdg.)
|
| 020 |
|
|
|a 0688040578
|q (hard)
|
| 020 |
|
|
|a 9780688040574
|q (hard)
|
| 035 |
|
|
|a (OCoLC)10725630
|z (OCoLC)438363354
|
| 042 |
|
|
|a lcac
|
| 050 |
0 |
0 |
|a PZ7.P219
|b Ao 1985
|
| 082 |
0 |
4 |
|a [E]
|2 19
|
| 049 |
|
|
|a TXAM
|
| 100 |
1 |
|
|a Parish, Peggy.
|
| 245 |
1 |
0 |
|a Amelia Bedelia goes camping /
|c Peggy Parish ; pictures by Lynn Sweat.
|
| 250 |
|
|
|a 1st ed.
|
| 260 |
|
|
|a New York :
|b Greenwillow Books,
|c ©1985.
|
| 300 |
|
|
|a 55 pages :
|b color illustrations ;
|c 22 cm.
|
| 336 |
|
|
|a text
|b txt
|2 rdacontent
|
| 337 |
|
|
|a unmediated
|b n
|2 rdamedia
|
| 338 |
|
|
|a volume
|b nc
|2 rdacarrier
|
| 490 |
1 |
|
|a Greenwillow read-alone
|
| 520 |
|
|
|a As always, Amelia Bedelia follows exactly the instructions given to her on a camping trip, including pitching a tent and rowing boats.
|
| 650 |
|
0 |
|a Amelia-Bedelia (Fictitious character)
|v Juvenile fiction.
|
| 650 |
|
0 |
|a Camping
|v Juvenile fiction.
|
| 650 |
|
1 |
|a Camping
|v Fiction.
|
| 650 |
|
1 |
|a Humorous stories.
|
| 650 |
|
7 |
|a Amelia-Bedelia (Fictitious character)
|2 fast
|0 (OCoLC)fst00806885
|
| 650 |
|
7 |
|a Camping.
|2 fast
|0 (OCoLC)fst00844926
|
| 655 |
|
7 |
|a Fiction.
|2 fast
|0 (OCoLC)fst01423787
|
| 655 |
|
7 |
|a Juvenile works.
|2 fast
|0 (OCoLC)fst01411637
|
| 655 |
|
7 |
|a Humorous fiction.
|2 gsafd
|
| 700 |
1 |
|
|a Sweat, Lynn,
|e illustrator.
|
| 830 |
|
0 |
|a Greenwillow read-alone books.
|
| 856 |
4 |
2 |
|3 Publisher description
|u http://catdir.loc.gov/catdir/description/hc044/84007979.html
|t 0
|
| 994 |
|
|
|a C0
|b TXA
|
| 999 |
f |
f |
|s 3cc4e008-822d-31bf-a986-3119770fc9c4
|i 05589fc7-af4b-3f32-a297-f4a8a332964b
|t 0
|
| 952 |
f |
f |
|p normal
|a Texas A&M University
|b College Station
|c Sterling C. Evans Library
|d Evans: Curriculum Collection (4th floor)
|t 0
|e PZ7.P219 Ao 1985
|h Library of Congress classification
|i unmediated -- volume
|m A14843143331
|
| 998 |
f |
f |
|a PZ7.P219 Ao 1985
|t 0
|l Evans: Curriculum Collection (4th floor)
|